Paraoxonases in Inflammation, Infection, and Toxicology

*** This series does not include back cover copy. ***.

Λεπτομέρειες βιβλιογραφικής εγγραφής
Συγγραφή απο Οργανισμό/Αρχή: SpringerLink (Online service)
Άλλοι συγγραφείς: Reddy, Srinivasa T. (Επιμελητής έκδοσης)
Μορφή: Ηλεκτρονική πηγή Ηλ. βιβλίο
Γλώσσα:English
Έκδοση: Totowa, NJ : Humana Press, 2010.
Σειρά:Advances in Experimental Medicine and Biology, 660
Θέματα:
Διαθέσιμο Online:Full Text via HEAL-Link
LEADER 03297nam a22005055i 4500
001 978-1-60761-350-3
003 DE-He213
005 20151204155753.0
007 cr nn 008mamaa
008 100715s2010 xxu| s |||| 0|eng d
020 |a 9781607613503  |9 978-1-60761-350-3 
024 7 |a 10.1007/978-1-60761-350-3  |2 doi 
040 |d GrThAP 
050 4 |a QH573-671 
072 7 |a PSF  |2 bicssc 
072 7 |a SCI049000  |2 bisacsh 
082 0 4 |a 571.6  |2 23 
245 1 0 |a Paraoxonases in Inflammation, Infection, and Toxicology  |h [electronic resource] /  |c edited by Srinivasa T. Reddy. 
264 1 |a Totowa, NJ :  |b Humana Press,  |c 2010. 
300 |a XVI, 212 p. 17 illus. in color.  |b online resource. 
336 |a text  |b txt  |2 rdacontent 
337 |a computer  |b c  |2 rdamedia 
338 |a online resource  |b cr  |2 rdacarrier 
347 |a text file  |b PDF  |2 rda 
490 1 |a Advances in Experimental Medicine and Biology,  |x 0065-2598 ;  |v 660 
505 0 |a ApoE Mimetic Peptide Reduces Plasma Lipid Hydroperoxide Content with a Concomitant Increase in HDL Paraoxonase Activity -- Interrelationships Between Paraoxonase-1 and Monocyte Chemoattractant Protein-1 in the Regulation of Hepatic Inflammation -- Biomarkers of Sensitivity and Exposure in Washington State Pesticide Handlers -- Paraoxonase 1 Status as a Risk Factor for Disease or Exposure -- Engineering Human PON1 in an E. coli Expression System -- The Toxicity of Mixtures of Specific Organophosphate Compounds is Modulated by Paraoxonase 1 Status -- Identification and Characterization of Biomarkers of Organophosphorus Exposures in Humans -- Temporal and Tissue-Specific Patterns of Pon3 Expression in Mouse: In situ Hybridization Analysis -- PON1 and Oxidative Stress in Human Sepsis and an Animal Model of Sepsis -- Paraoxonase 1 Attenuates Human Plaque Atherogenicity: Relevance to the Enzyme Lactonase Activity -- The Role of Paraoxonase 1 in the Detoxification of Homocysteine Thiolactone -- Alteration of PON1 Activity in Adult and Childhood Obesity and Its Relation to Adipokine Levels -- Anti-Inflammatory Properties of Paraoxonase-1 in Atherosclerosis -- Paraoxonase 1 Interactions with HDL, Antioxidants and Macrophages Regulate Atherogenesis – A Protective Role for HDL Phospholipids -- The Effect of HDL Mimetic Peptide 4F on PON1 -- The Contribution of High Density Lipoprotein Apolipoproteins and Derivatives to Serum Paraoxonase-1 Activity and Function -- Paraoxonase 1, Quorum Sensing, and P. aeruginosa Infection: A Novel Model. 
520 |a *** This series does not include back cover copy. ***. 
650 0 |a Life sciences. 
650 0 |a Pharmacology. 
650 0 |a Cardiology. 
650 0 |a Medical biochemistry. 
650 0 |a Cell biology. 
650 1 4 |a Life Sciences. 
650 2 4 |a Cell Biology. 
650 2 4 |a Pharmacology/Toxicology. 
650 2 4 |a Cardiology. 
650 2 4 |a Medical Biochemistry. 
700 1 |a Reddy, Srinivasa T.  |e editor. 
710 2 |a SpringerLink (Online service) 
773 0 |t Springer eBooks 
776 0 8 |i Printed edition:  |z 9781607613497 
830 0 |a Advances in Experimental Medicine and Biology,  |x 0065-2598 ;  |v 660 
856 4 0 |u http://dx.doi.org/10.1007/978-1-60761-350-3  |z Full Text via HEAL-Link 
912 |a ZDB-2-SBL 
950 |a Biomedical and Life Sciences (Springer-11642)